Statistics for beliver lyrics in 2 min

Click here to take the quiz!

General Stats

  • This quiz has been taken 52 times
  • The average score is 20 of 56

Answer Stats

lyricsfill in% Correct
_things_first
89%
i'ma_allsay
78%
my_head
73%
way that_have beenthings
70%
the way that_have beenthings
70%
the_insidewords
70%
_oooohoh
65%
_oooohoh
65%
_ooohoh
65%
_oooohoh
65%
_oooohoh
65%
_oooohoh
65%
I'm_upfired
62%
and _ of thetired
62%
I'm the_ of me seamaster
51%
_things_second
51%
'Til it_up and it rained down It rained down, likebroke
49%
That looked at _, took to _, shook to _me
46%
_pain
46%
_pain
46%
_pain
46%
beliver_pain
46%
_pain
46%
_pain
46%
i'm the one at the_sail
46%
don't you_metell
46%
what you_that I can bethink
46%
a_ ageyoung
46%
i was _ frombroken
41%
you_me a you_me a believermade
35%
to the_masses
32%
You _ me down, you _ me up, believer, believerbreak
22%
singing my_ from theheartache
22%
write down my_ for the fewpoems
22%
speaking my_from the brainlesson
19%
taking my_ frommessage
19%
seeing the_through thebeauty
14%
_things_last
14%
taking my_sulking
14%
they_fromcame
8%
all the hate that you've heard has turned your spirit to a_dove
8%
my_my_my_luck
8%
send a_to the ones upprayer
8%
_things_third
8%
_above
5%
let_fly ohbullets
5%
feelings they would_drown
5%
let them_rain
5%
the_veins
5%
falling like_to the ground hoping myashes
3%
building my rain up in the_cloud
3%
You're the face of the_the blood in my veins, oh ooh The blood in my veinsfuture
3%
By the_of the fire and the flamesgrace
3%
But they never did, ever lived, ebbing and flowing _limitedInhibited
3%
your _ up abovespirit
3%
I was _ in the crowdchoking
0%

Score Distribution

Percentile by Number Answered

Percent of People with Each Score

Your Score History

You have not taken this quiz